00654 2200241 4500001002100000005001700021008004100038020002200079035002400101040001200125082001200137090002200149100002700171245006800198250001100266260003300277300002000310504001300330650002200343700001400365850001200379990002100391YOGYA-0912000000008820120925132518.0 ind  a978-602-7641-47-1 0010-091200000000088 aYOPDYOG a615.882 aDep 615.882 Sit K aSITIATAVA RIZEMA PUTRA aKhasiat Ajaib KemangicSitiatava Rizema Putra; editor Rusdianto aCet. 1 aYogyakartabDiva Pressc2012 a117 hlm.c20 Cm ahlm. 117 aKemangi-Kesehatan aRusdianto aYOPDYOG aCB-D.11 2012-651